| 000 | 00729nam a2200253Ia 4500 | ||
|---|---|---|---|
| 003 | OSt | ||
| 005 | 20220926030331.0 | ||
| 006 | a|||||r|||| 00| 0 | ||
| 007 | ta | ||
| 008 | 220923b |||||||| |||| 00| 0 eng d | ||
| 037 | _cGeneral Book | ||
| 040 |
_aRTL _cRTL _beng |
||
| 041 |
_2eng _aeng |
||
| 082 | _aY:6.212.N6, K8 | ||
| 100 |
_aAlexander K C _9138014 |
||
| 245 | 0 | _aSocial mobility in Kerala | |
| 260 |
_aPoona _bDaecan College _c1968 |
||
| 300 |
_avi,258p _ccm. |
||
| 490 | _aDeccan College Dessertation Series. 29 | ||
| 500 | _aBibliography: p 236-242; Appendix: p 243-255 | ||
| 650 | _aSocial Change | ||
| 942 |
_hY:6.212.N6, K8 _cGB _2CC |
||
| 999 |
_c649369 _d649369 |
||